| 000 | 00950nam a22002657i 4500 | ||
|---|---|---|---|
| 999 |
_c142263 _d142263 |
||
| 005 | 20190611103055.0 | ||
| 007 | text | ||
| 008 | 180528s2014 cc a|||b |||| 00| 0 chi d | ||
| 020 |
_a9787538581805 _c16.00 _qpaperback |
||
| 040 |
_aPPAK _beng _cPPAK _erda |
||
| 082 |
_223 _a495.1 |
||
| 090 |
_a495.1 _bZHI _dK |
||
| 100 | 1 |
_aZhǐ, Shàng Mófāng _eauthor. |
|
| 245 | _aQu meng huan zhuang yuan du jia : shi ke biao / | ||
| 250 | _aDi 1 ban | ||
| 264 |
_aChangchun Shi : _bBei fang fu nü er tong chu ban she, _c2014 |
||
| 300 |
_a36 pages : color illustrations ; _bcolor illustrations ; _c 29 cm |
||
| 336 |
_2rdacontent _atext |
||
| 337 |
_2rdamedia _aunmediated |
||
| 338 |
_2rdacarrier _avolume |
||
| 490 | _aWo chao xi ai de qu wei shu xue gu shi shu | ||
| 650 | _a Children's stories, Chinese Time management -- Juvenile fiction Mathematics -- Juvenile fiction | ||
| 830 | _aWo chao xi ai de qu wei shu xue gu shi shu | ||
| 942 |
_2ddc _cB |
||